000 00523cam a22002051 4500
001 sa 64007201
003 DLC
005 20260227112044.0
008 880902s1963 xx 000 0 tamo
010 _asa 64007201
035 _a(OCoLC)23562153
040 _aDLC
_cMiU
_dDLC
050 0 0 _aHX392
_b.T5
245 1 0 _aTiyākak katal Jeyappirakāṣ.
260 _c[1963]
300 _a153 p.
_c18 cm.
650 0 _aSocialism
_zIndia
700 1 _aNarayan, Jayaprakash,
_d1902-1979.
700 1 _aSankaran, S.,
_d1926-
_eed.
999 _c60101
_d60101